000
00233 a2200097 4500
001
57541
100
_a
245
_a
Theory And Problem Of Machine Design
260
_a
Singa pore
_b
Mc graw Hill
_c
1980
090
_c
35271
_d
35271
942
_a
NUST-CAE
_c
MONOGRAPH
_c
28082
999
_c
292614
_d
292614